000 00937nam a2200229Ia 4500
999 _c36943
_d36943
003 GCL
005 20240530103120.0
008 140319s9999 xx 000 0 ara d
040 _aGCL /
_cGCL
082 0 4 _a001.6425/
_bم ن
110 1 _aالجمعية المصرية لنظم المعلومات وتكنولوجيا الحاسبات
245 1 0 _aنحو مستقبل افضل لتكنولوجيا المعلومات فى مصر/
_cالجمعية المصرية لنظم المعلومات وتكنولوجيا الحاسبات
250 _aالاولى
260 _aالقاهرة :
_bالمكتبة الاكاديمية ،
_c1995
300 _a225،224 ص ؛
_c24 سم
650 0 4 _aنظم المعلومات
650 0 4 _aالمكتبات، علم
650 0 4 _aتكنولوجيا المعلومات
700 0 _aنشات الخميسى الغيطانى
700 0 _aاحمد قطب سليمان
942 _2ddc
_cBK